[Event "16th Asian Games Rapid"]
[Site "Guangzhou CHN"]
[Date "2010.11.15"]
[Round "6"]
[White "Shukuraliev, Algis"]
[Black "Malkawi, Fadi"]
[Result "1-0"]
[BlackTitle "FM"]
[WhiteElo "2376"]
[BlackElo "2089"]
[WhiteFideId "13800426"]
[BlackFideId "8100420"]
[EventDate "2010.11.13"]

1. Nf3 Nf6 2. c4 Nc6 3. d4 e6 4. Nc3 Bb4 5. d5 Ne7 6. dxe6 fxe6 7. Bd2 O-O 8. a3
Bxc3 9. Bxc3 b6 10. e3 Bb7 11. Be2 Ng6 12. b4 Ne4 13. Bb2 Qe7 14. O-O a5 15. Rb1
Rf7 16. Ne5 Nxe5 17. Bxe5 Qg5 18. f4 Qh4 19. Bh5 Re7 20. Bf3 axb4 21. axb4 d6
22. Qc2 d5 23. c5 bxc5 24. bxc5 Bc6 25. Ra1 Ree8 26. Bxc7 Qe7 27. Be5 Bb5 28.
Rxa8 Rxa8 29. Rc1 Ba4 30. Qb2 Bc6 31. Qb6 Rc8 32. Bxe4 dxe4 33. Ra1 Qd7 34. Bd4
Ra8 35. Rxa8+ Bxa8 36. Qb8+ 1-0

[Event "16th Asian Games Rapid"]
[Site "Guangzhou CHN"]
[Date "2010.11.15"]
[Round "6"]
[White "Shrestha, Bilam Lal"]
[Black "Al-Saffar, Araz Basim Mohammed S"]
[Result "1-0"]
[BlackTitle "IM"]
[WhiteElo "2138"]
[BlackElo "2349"]
[WhiteFideId "12300047"]
[BlackFideId "4801040"]
[EventDate "2010.11.13"]

1. e4 e5 2. Nf3 Nf6 3. Nc3 Bb4 4. Bc4 O-O 5. d3 d5 6. exd5 Nxd5 7. Bd2 Bg4 8.
O-O Nc6 9. Rb1 Nb6 10. Bb3 Qf6 11. Re1 Bxc3 12. bxc3 Rfe8 13. Qe2 e4 14. Qe3
Bxf3 15. gxf3 Qxf3 16. Qxf3 exf3 17. Re3 Rxe3 18. fxe3 Ne5 19. Kf2 h5 20. h3 Rd8
21. Rg1 Kh7 22. e4 f6 23. Bf4 Nbd7 24. d4 Ng6 25. Bg3 c6 26. Kxf3 Ngf8 27. Bc7
Rc8 28. Bd6 g6 29. Ba3 Kg7 30. h4 Re8 31. Re1 Ne6 32. Bb2 g5 33. Bxe6 Rxe6 34.
Rg1 Kg6 35. c4 Re8 36. Bc1 g4+ 37. Kf4 Nb6 38. c5 Nd7 39. Be3 Rf8 40. Rb1 b5 41.
a4 a6 42. axb5 axb5 43. Ra1 f5 44. e5 Kf7 45. Ra6 Nb8 46. Ra7+ Ke6 47. Rh7 g3
48. Kxg3 Rg8+ 49. Bg5 Kd5 50. Kf4 Kxd4 51. e6 Kxc5 52. Ke5 Re8 53. Rf7 Na6 54.
Rxf5 Nc7 55. e7 Ra8 56. Rf8 Ra1 57. Be3+ Kc4 58. Rc8 Re1 59. Ke4 Rxe3+ 60. Kxe3
Nd5+ 61. Kd2 Nxe7 62. Rc7 Nf5 63. Rxc6+ Kd5 64. Rb6 Kc5 65. Rf6 Nxh4 66. Rh6
Nf3+ 67. Ke3 Ne1 68. Rxh5+ Kc4 69. Kd2 Nf3+ 70. Kc1 Nd4 71. Kb2 Nc6 72. Rh4+ Kc5
73. c3 Na5 74. Kc2 Nc4 75. Rh5+ Kc6 76. Kb3 Nb6 77. Kb4 Nd5+ 1-0

[Event "16th Asian Games Rapid"]
[Site "Guangzhou CHN"]
[Date "2010.11.15"]
[Round "6"]
[White "Nguyen, Ngoc Truong Son"]
[Black "Sasikiran, Krishnan"]
[Result "0-1"]
[WhiteTitle "GM"]
[BlackTitle "GM"]
[WhiteElo "2628"]
[BlackElo "2688"]
[WhiteFideId "12401110"]
[BlackFideId "5004985"]
[EventDate "2010.11.13"]

1. Nf3 Nf6 2. g3 g6 3. Bg2 Bg7 4. O-O O-O 5. c4 c6 6. d4 d5 7. Qb3 dxc4 8. Qxc4
Bf5 9. e3 Nbd7 10. Nc3 Rc8 11. Qe2 Ne4 12. Nh4 Nxc3 13. bxc3 Be6 14. e4 Nb6 15.
Qc2 Qd7 16. Nf3 Bc4 17. Rd1 c5 18. a4 cxd4 19. a5 Na8 20. cxd4 Ba6 21. Qb2 Nc7
22. Be3 Nb5 23. Rdc1 Nd6 24. Nd2 Rfd8 25. Rxc8 Rxc8 26. Rc1 Rxc1+ 27. Qxc1 Nb5
28. d5 Nc3 29. Qa3 Qc7 30. Qc5 Be5 31. Bf1 Bxf1 32. Kxf1 Bd6 33. Qxc7 Bxc7 34.
Bxa7 Bxa5 35. f3 Bb4 36. Nb3 f5 37. exf5 gxf5 38. Nd4 f4 39. gxf4 Nxd5 40. f5
Kf7 41. Ke2 Bd6 42. h4 Nf4+ 43. Ke3 Kf6 44. Ke4 Nh5 45. Nb5 Ng3+ 46. Kd5 Nxf5
47. h5 e6+ 48. Kc4 Be5 49. Kc5 Kg5 50. Kb6 Nd4 51. Na3 Nxf3 52. Kxb7 Kxh5 53.
Nc2 Bf4 54. Kc8 Kg4 55. Kd7 e5 56. Ke6 h5 0-1

[Event "16th Asian Games Rapid"]
[Site "Guangzhou CHN"]
[Date "2010.11.15"]
[Round "6"]
[White "Al Qudaimi, Basheer"]
[Black "Ahmed, Abdul Sattar"]
[Result "1-0"]
[WhiteTitle "IM"]
[BlackTitle "FM"]
[WhiteElo "2406"]
[BlackElo "2309"]
[WhiteFideId "9400346"]
[BlackFideId "4801849"]
[EventDate "2010.11.13"]

1. e4 c5 2. Ne2 e6 3. d4 cxd4 4. Nxd4 a6 5. c4 Nf6 6. Bd3 Qc7 7. O-O Nc6 8. Nxc6
dxc6 9. Be3 e5 10. Qb3 Be6 11. Bb6 Qc8 12. Nc3 Nd7 13. Na4 c5 14. Rac1 Be7 15.
Qc2 O-O 16. Ba5 b5 17. Nc3 bxc4 18. Be2 Qc6 19. Nd5 Bxd5 20. exd5 Qd6 21. Bxc4
Nb6 22. Be2 Nd7 23. Bc4 Nb6 24. Rcd1 Nxc4 25. Qxc4 Kh8 26. a3 Rab8 27. Bc3 f5
28. Rfe1 e4 29. f3 Bh4 30. fxe4 Bxe1 31. e5 Qg6 32. Rxe1 f4 33. Qxc5 f3 34. Qf2
fxg2 35. Qxg2 Qb6+ 36. Kh1 Rf2 37. Qg3 Rbf8 38. Rg1 Qb7 39. Qd3 R8f3 40. Qd4 Rf4
41. Qc5 Rf1 42. e6 Qb3 43. Qc8+ Rf8 44. Bxg7+ Kg8 45. Qxf8+ Rxf8 46. Bc3# 1-0

[Event "16th Asian Games Rapid"]
[Site "Guangzhou CHN"]
[Date "2010.11.15"]
[Round "6"]
[White "Minhazuddin, Ahmed"]
[Black "Mohamed, Hassan"]
[Result "1-0"]
[WhiteTitle "FM"]
[WhiteElo "2350"]
[BlackElo "1780"]
[WhiteFideId "10201955"]
[BlackFideId "16700058"]
[EventDate "2010.11.13"]

1. e4 e6 2. d4 g6 3. Nc3 Bg7 4. f4 Ne7 5. Nf3 d5 6. Be3 b6 7. Qd2 Ba6 8. Bxa6
Nxa6 9. Bf2 Nb8 10. O-O-O dxe4 11. Nxe4 Nd5 12. c4 Nf6 13. Nxf6+ Bxf6 14. d5 O-O
15. dxe6 Qxd2+ 16. Rxd2 fxe6 17. Re1 Re8 18. Bd4 Kf7 19. Bxf6 Kxf6 20. Ne5 a5
21. h4 a4 22. Kc2 Ra5 23. Kc3 Ra7 24. Red1 Rb7 25. g3 c5 26. Rd8 Rxd8 27. Rxd8
Na6 28. a3 Re7 29. Kd3 Rb7 30. Ra8 Nc7 31. Rf8+ Kg7 32. Rf7+ Kg8 33. Rd7 Ra7 34.
Ke4 Rb7 35. Nc6 h6 36. Ne5 Ra7 37. g4 g5 38. fxg5 hxg5 39. hxg5 b5 40. Nc6 Rb7
41. cxb5 Rxb5 42. Rxc7 Rxb2 43. Ke5 Rb3 44. Kf6 Rf3+ 45. Kg6 Kf8 46. Rc8# 1-0

[Event "16th Asian Games Rapid"]
[Site "Guangzhou CHN"]
[Date "2010.11.15"]
[Round "7"]
[White "Al-Saffar, Araz Basim Mohammed S"]
[Black "Al-Zendani, Zendan"]
[Result "0-1"]
[WhiteTitle "IM"]
[BlackTitle "IM"]
[WhiteElo "2349"]
[BlackElo "2398"]
[WhiteFideId "4801040"]
[BlackFideId "9400249"]
[EventDate "2010.11.13"]

1. d4 d5 2. c4 c6 3. Nf3 Nf6 4. cxd5 cxd5 5. Nc3 Nc6 6. Bf4 Bf5 7. e3 e6 8. Ne5
Nxe5 9. Bxe5 a6 10. Rc1 Bd6 11. Bxf6 gxf6 12. Bd3 Bxd3 13. Qxd3 f5 14. f4 Qh4+
15. g3 Qh3 16. Qf1 Qg4 17. Qe2 Qh3 18. Kd2 h5 19. Nd1 Qg4 20. Nf2 Qxe2+ 21. Kxe2
Kd7 22. Nd3 h4 23. gxh4 Rxh4 24. h3 Rah8 25. Nf2 f6 26. Rhg1 R8h7 27. Rg6 R4h6
28. Rg8 e5 29. Rcc8 exf4 30. Rgd8+ Ke6 31. exf4 Bxf4 32. Kf3 Bd6 33. Re8+ Kd7
34. Red8+ Ke6 35. Re8+ Kd7 36. Red8+ Ke6 37. Re8+ Re7 38. Red8 Reh7 39. Ke2 Bf4
40. Kf3 Bd6 41. Re8+ Kd7 42. Red8+ Ke6 43. Re8+ Kd7 44. Red8+ Ke6 45. Re8+ Re7
46. Red8 Rh4 47. Ke3 Bg3 48. Nd3 f4+ 49. Kf3 Kf7 50. Rc3 Re3+ 51. Kg2 Rh5 52.
Rd7+ Kg6 53. Nb4 0-1

[Event "16th Asian Games Rapid"]
[Site "Guangzhou CHN"]
[Date "2010.11.15"]
[Round "7"]
[White "Ahmed, Abdul Sattar"]
[Black "Lee, Kiyul"]
[Result "0-1"]
[WhiteTitle "FM"]
[WhiteElo "2309"]
[BlackElo "1945"]
[WhiteFideId "4801849"]
[BlackFideId "13200054"]
[EventDate "2010.11.13"]

1. e4 e5 2. Nf3 Nc6 3. d4 exd4 4. Bc4 Nf6 5. e5 d5 6. Bb5 Ne4 7. Nxd4 Bd7 8.
Bxc6 bxc6 9. O-O c5 10. Ne2 Bc6 11. f3 Ng5 12. f4 Ne4 13. Nd2 Nxd2 14. Qxd2 g6
15. f5 gxf5 16. Rxf5 Rg8 17. Rf1 Rh8 18. Rf5 Rg8 19. Ng3 Qd7 20. Qf2 d4 21. Bg5
Be7 22. Bxe7 Qxe7 23. c4 O-O-O 24. Rxf7 Qxe5 25. Re1 Qg5 26. Qf5+ Qxf5 27. Rxf5
d3 28. Rxc5 d2 29. Rd1 Rge8 30. Kf2 Bxg2 31. Rf5 Be4 32. Nxe4 Rxe4 33. b3 c6 34.
Rf7 Rh4 35. Kg3 Re4 36. Kf2 Rh4 37. Rxa7 Rxh2+ 38. Kg3 Kb8 39. Kxh2 Kxa7 40. Kg3
h5 41. Kh4 Kb6 42. Kxh5 Kc5 43. a3 Rd3 44. Kg4 Kd4 45. Kf4 Kc3 46. Ke4 Kc2 47.
Rxd2+ Rxd2 48. b4 Kb3 49. b5 cxb5 50. cxb5 Kxa3 0-1

[Event "16th Asian Games Rapid"]
[Site "Guangzhou CHN"]
[Date "2010.11.15"]
[Round "7"]
[White "Malkawi, Fadi"]
[Black "Yamada, Kohei"]
[Result "1/2-1/2"]
[WhiteTitle "FM"]
[WhiteElo "2089"]
[BlackElo "2091"]
[WhiteFideId "8100420"]
[BlackFideId "7000936"]
[EventDate "2010.11.13"]

1. e4 e6 2. d3 d5 3. Nd2 c5 4. Ngf3 Nc6 5. g3 g6 6. Bg2 Bg7 7. O-O Nge7 8. Re1
O-O 9. c3 b6 10. Nf1 Qc7 11. Bf4 e5 12. exd5 exf4 13. dxc6 fxg3 14. hxg3 Nxc6
15. d4 cxd4 16. cxd4 Bb7 17. Rc1 Rad8 18. Qa4 Qd7 19. d5 Ne7 20. Qxd7 Rxd7 21.
d6 Nd5 22. Red1 Rfd8 23. Rc2 Rxd6 24. Rcd2 R6d7 25. Nh4 Bc6 26. Rc1 Bb5 27. Bh3
f5 28. Nf3 Bh6 29. Ne5 Bxd2 30. Nxd2 Nf4 31. gxf4 Rxd2 32. Rc7 Rxb2 33. Rxa7
Rd1+ 34. Kh2 Rxf2+ 35. Kg3 Re2 36. Ra8+ Kg7 37. Ra7+ Kf6 38. Rxh7 Re3+ 39. Kh4
Rh1 40. Rf7+ Ke6 41. Kg5 Rhxh3 42. Rf6+ Kd5 43. Kxg6 Be8+ 44. Kxf5 Rh5+ 45. Kg4
Rhxe5 46. Rxb6 R5e4 1/2-1/2

[Event "16th Asian Games Rapid"]
[Site "Guangzhou CHN"]
[Date "2010.11.15"]
[Round "7"]
[White "Kojima, Shinya"]
[Black "Mohamed, Hassan"]
[Result "1-0"]
[WhiteTitle "FM"]
[WhiteElo "2329"]
[BlackElo "1780"]
[WhiteFideId "7000812"]
[BlackFideId "16700058"]
[EventDate "2010.11.13"]

1. e4 c6 2. d4 d5 3. exd5 cxd5 4. c4 e6 5. Nc3 Nf6 6. Nf3 Nc6 7. c5 Be7 8. Bb5
Bd7 9. O-O b6 10. Bxc6 Bxc6 11. Ne5 Qc8 12. b4 bxc5 13. bxc5 O-O 14. Bf4 Nd7 15.
Nxc6 Qxc6 16. Rb1 Bf6 17. Re1 Rfe8 18. Qd2 Rad8 19. Bd6 h6 20. Nb5 e5 21. Nc7 e4
22. Nxe8 Rxe8 23. Qb4 Nf8 24. Qb5 Qxb5 25. Rxb5 Bxd4 26. Bxf8 Kxf8 27. c6 Rc8
28. Rxd5 Bb6 29. Rd6 f5 30. Kf1 Ke7 31. Red1 h5 32. Ke2 Kf7 33. Rc1 f4 34. h4
Ke7 35. Rd7+ Kf6 36. Rc4 f3+ 37. gxf3 exf3+ 38. Kxf3 Ke6 39. Rxg7 Rf8+ 40. Rf4
Rc8 41. Ke4 Kd6 42. Rg6+ Kc5 43. Kd3 Rc7 44. Rg5+ Kd6 45. Rf6+ Ke7 46. Rh6 Rc8
47. Rg7+ Kf8 48. Rh8+ Kxg7 49. Rxc8 1-0

[Event "16th Asian Games Rapid"]
[Site "Guangzhou CHN"]
[Date "2010.11.15"]
[Round "7"]
[White "Alshoha, Basel"]
[Black "Shukuraliev, Algis"]
[Result "0-1"]
[WhiteElo "2106"]
[BlackElo "2376"]
[WhiteFideId "8101914"]
[BlackFideId "13800426"]
[EventDate "2010.11.13"]

1. e4 e5 2. Bc4 Nc6 3. Nf3 Bc5 4. O-O d6 5. c3 Nf6 6. Qe2 O-O 7. Rd1 Bg4 8. h3
Bh5 9. d3 h6 10. Nbd2 Re8 11. Nf1 d5 12. Bb3 a5 13. a4 Bg6 14. Ng3 Bb6 15. Bd2
Bh7 16. Re1 Qd6 17. Nh4 Ne7 18. Rad1 g5 19. Nf3 Ng6 20. Nf5 Qf8 21. g3 c6 22.
Nxg5 hxg5 23. Bxg5 Re6 24. Qf3 Bd8 25. Bh6 Qc5 26. h4 Qb6 27. Ba2 Qxb2 28. Ra1
Qxc3 29. h5 dxe4 30. Qd1 Nf4 31. gxf4 Bxf5 32. dxe4 Bg4 33. Qb1 Qh3 34. Bxe6
Bxe6 35. Re3 Qxh5 36. Rg3+ Ng4 37. Rg2 b6 38. f5 Bc4 39. Qd1 Qxh6 40. Qxg4+ Kf8
41. Rd1 Bg5 42. Ra1 Bd8 43. Rd1 Bg5 0-1

[Event "16th Asian Games Rapid"]
[Site "Guangzhou CHN"]
[Date "2010.11.15"]
[Round "7"]
[White "Kakageldyev, Amanmurad"]
[Black "Tologontegin, Semetey"]
[Result "1/2-1/2"]
[WhiteTitle "IM"]
[BlackTitle "FM"]
[WhiteElo "2400"]
[BlackElo "2330"]
[WhiteFideId "14000024"]
[BlackFideId "13800574"]
[EventDate "2010.11.13"]

1. d4 d5 2. c4 e6 3. Nf3 Nf6 4. Nc3 Bb4 5. Bg5 Nbd7 6. cxd5 exd5 7. e3 c5 8. Bd3
O-O 9. O-O Qa5 10. Qc2 Bxc3 11. bxc3 c4 12. Bf5 Re8 13. Nd2 Ne4 14. Nf3 Nef6 15.
Nd2 Ne4 16. Bxe4 dxe4 17. Bf4 Qd5 18. a4 Nf8 19. Rfb1 Bd7 20. Rb4 Rac8 21. Qa2
Ne6 22. Bg3 a5 23. Rxc4 Bc6 24. Qb1 Ra8 25. f3 exf3 26. gxf3 Qh5 27. e4 Qg5 28.
Nf1 h5 29. h4 Qf6 30. d5 Qxf3 31. dxc6 Nf4 32. Bxf4 Qxf4 33. Qe1 Re6 34. Ra2
bxc6 35. Rg2 Rae8 36. Qg3 Ra8 37. Qe1 Rae8 38. Qg3 Qh6 39. Rc5 Rg6 40. Rg5 Rxe4
41. Rxg6 fxg6 42. Qg5 Qxg5 43. Rxg5 Rxa4 44. Rc5 Rxh4 45. Rxc6 Kh7 46. Kf2 Ra4
47. Ne3 Ra1 48. Ra6 a4 49. Ke2 h4 50. Kf3 a3 51. Nc2 Rc1 52. Nxa3 Rxc3+ 53. Kg2
g5 54. Nb5 Rd3 55. Nd6 1/2-1/2

[Event "16th Asian Games Rapid"]
[Site "Guangzhou CHN"]
[Date "2010.11.15"]
[Round "7"]
[White "Nepali, Badrilal"]
[Black "Mohammad, Samir"]
[Result "0-1"]
[BlackTitle "FM"]
[WhiteElo "2102"]
[BlackElo "2361"]
[WhiteFideId "12300020"]
[BlackFideId "7600372"]
[EventDate "2010.11.13"]

1. e4 c5 2. Nf3 e6 3. d4 cxd4 4. Nxd4 Nc6 5. Nc3 Qc7 6. Be3 a6 7. Bd3 Nf6 8. O-O
Ne5 9. h3 Bc5 10. Kh1 d6 11. Qe1 O-O 12. f4 Ng6 13. f5 Ne5 14. Qh4 Qd8 15. Rae1
Bd7 16. g4 Nxd3 17. cxd3 e5 18. Nc2 Bxe3 19. Nxe3 h6 20. Rg1 Bc6 21. g5 Nh7 22.
Ncd5 hxg5 23. Qh5 f6 24. h4 Be8 25. Qg4 Kf7 26. Qh5+ Kg8 27. Qd1 Bf7 28. Qc2
gxh4 29. Rg4 Ng5 30. Rf1 h3 31. Qh2 Rc8 32. Rxg5 fxg5 33. Qxh3 Bxd5 34. Nxd5 Rf6
35. Qe3 g4 36. Kg2 Rc2+ 37. Rf2 Rxf2+ 38. Kxf2 Rh6 39. Ke2 Rh2+ 40. Kd1 Qh4 41.
f6 Rg2 0-1

[Event "16th Asian Games Rapid"]
[Site "Guangzhou CHN"]
[Date "2010.11.15"]
[Round "7"]
[White "Minhazuddin, Ahmed"]
[Black "Al Qudaimi, Basheer"]
[Result "1-0"]
[WhiteTitle "FM"]
[BlackTitle "IM"]
[WhiteElo "2350"]
[BlackElo "2406"]
[WhiteFideId "10201955"]
[BlackFideId "9400346"]
[EventDate "2010.11.13"]

1. e4 e5 2. Nf3 Nc6 3. d4 exd4 4. Nxd4 Nxd4 5. Qxd4 Qf6 6. e5 Qb6 7. Qxb6 axb6
8. Nc3 c6 9. Be3 b5 10. Ne4 d5 11. exd6 f5 12. Nc5 Bxd6 13. O-O-O Bxc5 14. Bxc5
Be6 15. Re1 Kf7 16. a3 Nf6 17. Bd3 Nd5 18. Re5 g6 19. Rhe1 Rhe8 20. g3 b6 21.
Bd4 c5 22. Bxb5 cxd4 23. Bxe8+ Rxe8 24. Rd1 Kf6 25. Ree1 Rc8 26. Rxd4 b5 27. b3
Rc6 28. Kb2 Rc8 29. Kc1 Rc6 30. Kb2 g5 31. a4 bxa4 32. Rxa4 g4 33. c4 Nb6 34.
Ra7 h5 35. Rh7 Bf7 36. Rh6+ Bg6 37. Rh8 Nd7 38. Rd8 Ne5 39. Re3 Bf7 40. Rc3 Rc5
41. Rd6+ Ke7 42. Ra6 h4 43. gxh4 f4 44. Ka3 Be6 45. Kb4 Rc8 46. c5 Rh8 47. c6
Rxh4 48. c7 Bc8 49. Ra8 Kd7 50. Kb5 Rxh2 51. Rc5 Nf7 52. Kb6 Rxf2 53. Rd5+ Nd6
54. Rxc8 1-0

[Event "16th Asian Games Rapid"]
[Site "Guangzhou CHN"]
[Date "2010.11.15"]
[Round "7"]
[White "Lee, Sanghoon"]
[Black "Shrestha, Bilam Lal"]
[Result "0-1"]
[WhiteTitle "CM"]
[WhiteElo "2132"]
[BlackElo "2138"]
[WhiteFideId "13200011"]
[BlackFideId "12300047"]
[EventDate "2010.11.13"]

1. d4 d6 2. c4 Nf6 3. Nf3 Ng8 4. Ng1 Nf6 5. Nf3 g6 6. Nc3 Bg7 7. e4 O-O 8. h3
Re8 9. Be3 Nc6 10. d5 Nb8 11. Bd3 e5 12. O-O a6 13. b4 a5 14. a3 b6 15. c5 bxc5
16. bxc5 Ba6 17. cxd6 cxd6 18. Na4 Nbd7 19. Rc1 Nxd5 20. exd5 Bxd3 21. Qxd3 e4
22. Qe2 exf3 23. Qxf3 Ne5 24. Qe4 f5 25. Qc2 Qh4 26. f4 Ng4 27. Bb6 Ne3 28. Bxe3
Rxe3 29. Qc6 Rae8 30. Rf3 Bd4 31. Kh2 Kg7 32. Qb7+ R3e7 33. Rc7 Qe1 34. Nc3 Bg1+ 0-1

[Event "16th Asian Games Rapid"]
[Site "Guangzhou CHN"]
[Date "2010.11.15"]
[Round "7"]
[White "Al-Sayed, Mohammed"]
[Black "Antonio, Rogelio Jr"]
[Result "1/2-1/2"]
[WhiteTitle "GM"]
[BlackTitle "GM"]
[WhiteElo "2502"]
[BlackElo "2573"]
[WhiteFideId "12100196"]
[BlackFideId "5200032"]
[EventDate "2010.11.13"]

1. d4 Nf6 2. c4 e6 3. Nc3 Bb4 4. Qc2 O-O 5. a3 Bxc3+ 6. Qxc3 b5 7. cxb5 c6 8. f3
cxb5 9. e4 Qb6 10. Qc5 Nc6 11. Qxb6 axb6 12. Be3 b4 13. Bb5 bxa3 14. Rxa3 Bb7
15. Ne2 Rxa3 16. bxa3 Ra8 17. a4 Ba6 18. Kf2 Bxb5 19. axb5 Na5 20. Rc1 d5 21. e5
Ne8 22. Ra1 Rc8 23. Bd2 Nc4 24. Bb4 f6 25. f4 Nc7 26. Ra7 Nxb5 27. Re7 fxe5 28.
fxe5 Rf8+ 29. Kg3 Ne3 30. Rxe6 Nf5+ 31. Kh3 Nbxd4 32. Nxd4 Nxd4 33. Rd6 Re8 34.
Rxd5 Nc6 35. Bd6 Ra8 36. Rb5 Ra5 37. Rxb6 Nxe5 38. Rb8+ Kf7 39. Rb7+ Kf6 40. Bf8
g5 41. Bg7+ Kg6 42. Bxe5 1/2-1/2

[Event "16th Asian Games Rapid"]
[Site "Guangzhou CHN"]
[Date "2010.11.15"]
[Round "7"]
[White "Salem, A.R. Saleh"]
[Black "Al-Modiahki, Mohamad"]
[Result "1/2-1/2"]
[WhiteTitle "GM"]
[BlackTitle "GM"]
[WhiteElo "2518"]
[BlackElo "2562"]
[WhiteFideId "9301348"]
[BlackFideId "12100030"]
[EventDate "2010.11.13"]

1. d4 Nf6 2. c4 g6 3. Nc3 Bg7 4. e4 d6 5. f3 O-O 6. Be3 c5 7. Nge2 cxd4 8. Nxd4
Nc6 9. Qd2 Nxd4 10. Bxd4 Be6 11. Be2 Qa5 12. Rc1 Rfc8 13. b3 a6 14. a4 Qb4 15.
Bd1 Rab8 16. Ba7 Ra8 17. Bd4 h5 18. Bc2 Rab8 19. Bd1 Ra8 20. Ba7 Rab8 21. Bd4
Ra8 22. Bc2 Rab8 23. Rf1 Bd7 24. Bxf6 Bxf6 25. Nd5 Kg7 26. a5 Rc5 1/2-1/2

[Event "16th Asian Games Rapid"]
[Site "Guangzhou CHN"]
[Date "2010.11.15"]
[Round "7"]
[White "Murshed, Niaz"]
[Black "Odeev, Handszar"]
[Result "0-1"]
[WhiteTitle "GM"]
[BlackTitle "GM"]
[WhiteElo "2429"]
[BlackElo "2405"]
[WhiteFideId "10200010"]
[BlackFideId "14000091"]
[EventDate "2010.11.13"]

1. d4 Nf6 2. Nf3 g6 3. Nc3 d5 4. Bf4 Bg7 5. e3 O-O 6. Be2 c5 7. dxc5 Qa5 8. O-O
Qxc5 9. Nd4 Ne4 10. Nxe4 dxe4 11. Bxb8 Rxb8 12. c3 Bd7 13. Qc2 e5 14. Nb3 Qc6
15. Nd2 f5 16. Bc4+ Kh8 17. Qb3 b5 18. Bd5 Qc5 19. Rfd1 a5 20. a3 a4 21. Qa2
Rfd8 22. h4 Be8 23. Bf7 Rd3 24. Nf1 Rbd8 25. Rdc1 Qe7 26. Bxe8 Rxe8 27. c4 Rb3
28. Rc3 bxc4 29. Rxc4 Reb8 30. Rac1 Rxb2 31. Rc8+ Bf8 32. Qd5 R2b5 33. Qa2 Rxc8
34. Rxc8 Rb3 35. Qc2 Rxa3 36. Qc6 Ra1 37. Rc7 Qd6 38. Qb7 Rxf1+ 39. Kh2 Qf6 40.
Rxh7+ Kg8 0-1

[Event "16th Asian Games Rapid"]
[Site "Guangzhou CHN"]
[Date "2010.11.15"]
[Round "7"]
[White "Gundavaa, Bayarsaikhan"]
[Black "Nguyen, Ngoc Truong Son"]
[Result "0-1"]
[BlackTitle "GM"]
[WhiteElo "2472"]
[BlackElo "2628"]
[WhiteFideId "4901045"]
[BlackFideId "12401110"]
[EventDate "2010.11.13"]

1. d4 d5 2. c4 c6 3. Nf3 Nf6 4. Ng1 Ng8 5. Nf3 Nf6 6. e3 Bf5 7. Nc3 e6 8. Nh4
Be4 9. f3 Bg6 10. Qb3 Qc7 11. Bd2 Be7 12. cxd5 cxd5 13. Nxg6 hxg6 14. O-O-O Nc6
15. Kb1 O-O 16. g4 Rfc8 17. Be1 Na5 18. Nb5 Qd8 19. Bxa5 Qxa5 20. Bd3 a6 21. Nc3
b5 22. Rc1 Bb4 23. g5 Nd7 24. e4 Nb6 25. exd5 Bxc3 26. Rxc3 Rxc3 27. Qxc3 Qxc3
28. bxc3 exd5 29. Kc2 Kf8 30. Kd2 Ke7 31. h4 Rh8 32. f4 Kd6 33. f5 Nc4+ 34. Bxc4
dxc4 35. fxg6 fxg6 36. a4 Rf8 37. axb5 axb5 38. Ra1 Rf2+ 39. Ke3 Rc2 40. Ke4
Rxc3 41. Ra6+ Kc7 42. Kd5 Rf3 43. Kc5 c3 44. Ra7+ Kd8 45. Ra2 Rd3 46. Rc2 Kd7
47. d5 Kc7 48. Kxb5 Kd6 49. Kc4 Rxd5 50. Kxc3 Rc5+ 51. Kd3 Rxc2 52. Kxc2 Ke5 0-1

[Event "16th Asian Games Rapid"]
[Site "Guangzhou CHN"]
[Date "2010.11.15"]
[Round "7"]
[White "Ghaem Maghami, Ehsan"]
[Black "Megaranto, Susanto"]
[Result "0-1"]
[WhiteTitle "GM"]
[BlackTitle "GM"]
[WhiteElo "2593"]
[BlackElo "2528"]
[WhiteFideId "12500739"]
[BlackFideId "7101384"]
[EventDate "2010.11.13"]

1. c4 Nf6 2. Nf3 b6 3. g3 e6 4. Bg2 Bb7 5. O-O Be7 6. d4 O-O 7. Re1 Bb4 8. Bd2
a5 9. a3 Bxd2 10. Nbxd2 c5 11. e4 cxd4 12. Nxd4 e5 13. Nb5 Na6 14. Rb1 Nc5 15.
b4 axb4 16. axb4 Ne6 17. Nd6 Qc7 18. Nf3 Nd4 19. Nxd4 Qxd6 20. Nb5 Qc6 21. Rc1
Ra2 22. Nd6 Rb2 23. Nxb7 Qxb7 24. Qd6 Re8 25. b5 h5 26. Qa3 Rd2 27. Qd6 Rb2 28.
Qa3 Rd2 29. Rcd1 Rxd1 30. Rxd1 h4 31. Bf3 Qc7 32. Qd6 Qxc4 33. Qxb6 Qb3 34. Be2
Nxe4 35. Re1 hxg3 36. hxg3 Nf6 37. Rd1 Ne4 38. Re1 Nxg3 39. Bg4 Qb4 40. Re3 Qxg4
41. Rxg3 Qd1+ 42. Kh2 Qh5+ 43. Kg2 Qf5 44. Qh6 Qe4+ 45. Kg1 Qh7 46. Qg5 Kf8 47.
b6 Qh6 48. Qg4 Ra8 49. Rh3 Re8 50. Rg3 Ra8 51. Rh3 Qc1+ 52. Kh2 0-1

[Event "16th Asian Games Rapid"]
[Site "Guangzhou CHN"]
[Date "2010.11.15"]
[Round "7"]
[White "Sadvakasov, Darmen"]
[Black "Filippov, Anton"]
[Result "0-1"]
[WhiteTitle "GM"]
[BlackTitle "GM"]
[WhiteElo "2627"]
[BlackElo "2620"]
[WhiteFideId "13700464"]
[BlackFideId "14200988"]
[EventDate "2010.11.13"]

1. e4 e6 2. d4 d5 3. Nc3 Nf6 4. e5 Nfd7 5. f4 c5 6. Nf3 Nc6 7. Be3 Qb6 8. Na4
Qa5+ 9. c3 cxd4 10. b4 Nxb4 11. cxb4 Bxb4+ 12. Bd2 Bxd2+ 13. Nxd2 O-O 14. Be2 d3
15. Bxd3 Qb4 16. Rb1 Qxf4 17. Nf3 Nxe5 18. Nxe5 Qxe5+ 19. Be2 Qf4 20. Nb2 Qb4+
21. Qd2 Qxd2+ 22. Kxd2 Bd7 23. Nd3 Bc6 24. Ne5 Rfc8 25. Rhc1 Rc7 26. Ba6 Kf8 27.
Bxb7 Rxb7 28. Nxc6 Rc7 29. Nd4 Rxc1 30. Rxc1 Rb8 31. a3 Rb7 32. Rc8+ Ke7 33. Kc3
e5 34. Nf5+ Kf6 35. Nd6 Rb6 36. Ne8+ Kf5 37. Nxg7+ Ke4 38. Nh5 Ke3 39. Rc5 d4+
40. Kc4 e4 41. Ng3 d3 42. Kc3 Rb1 43. Nf5+ Ke2 44. Ng3+ Ke3 45. Nf5+ Ke2 0-1

[Event "16th Asian Games Rapid"]
[Site "Guangzhou CHN"]
[Date "2010.11.15"]
[Round "7"]
[White "Moradiabadi, Elshan"]
[Black "Ganguly, Surya Shekhar"]
[Result "0-1"]
[WhiteTitle "GM"]
[BlackTitle "GM"]
[WhiteElo "2575"]
[BlackElo "2644"]
[WhiteFideId "12501255"]
[BlackFideId "5002150"]
[EventDate "2010.11.13"]

1. Nf3 Nf6 2. c4 g6 3. Nc3 d5 4. cxd5 Nxd5 5. Qb3 Nb6 6. d4 Bg7 7. Bf4 Be6 8.
Qa3 c5 9. e3 cxd4 10. Nxd4 Bxd4 11. exd4 O-O 12. Bh6 Re8 13. Rd1 Nc6 14. Bb5 a6
15. Bxc6 bxc6 16. O-O Rb8 17. b3 Nd5 18. Ne4 0-1